Zusetsu Nihon fukusō shi /

Saved in:
Bibliographic Details
Main Author: Endō, Takeshi, 1911-
Format: Book
Language:Japanese
Published: Tōkyō : Kenhakusha, Shōwa 40 [1965]
Subjects:
Tags: Add Tag
No Tags, Be the first to tag this record!
LEADER 00751nam a2200229ui 4500
001 007736509-7
005 20024617122053.0
008 980313s1965 ja f 000 0 jpn d
035 0 |a ocm38600644 
040 |a *YNH*  |c *YNH*  |d CStRLIN 
100 1 |6 880-01  |a Endō, Takeshi,  |d 1911- 
245 1 0 |6 880-02  |a Zusetsu Nihon fukusō shi /  |c Endō Takeshi. 
246 3 0 |6 880-03  |a Nihon fukusō shi 
260 |6 880-04  |a Tōkyō :  |b Kenhakusha,  |c Shōwa 40 [1965] 
300 |a 108 p. :  |b plates ;  |c 19 cm. 
650 0 |a Costume  |z Japan  |x History. 
880 1 |6 100-01  |a 遠藤武,  |d 1911- 
880 1 0 |6 245-02  |a 図說日本服裝史 /  |c 遠藤武 
880 3 0 |6 246-03  |a 日本服裝史 
880 |6 260-04  |a 東京 :  |b 建帛社,  |c 昭和40 [1965] 
988 |a 20021221 
906 |0 MH